<?xml version="1.0" encoding="UTF-8"?>
<record
    xmlns:xsi="http://www.w3.org/2001/XMLSchema-instance"
    xsi:schemaLocation="http://www.loc.gov/MARC21/slim http://www.loc.gov/standards/marcxml/schema/MARC21slim.xsd"
    xmlns="http://www.loc.gov/MARC21/slim">

  <leader>01149nam a22001937a 4500</leader>
  <controlfield tag="003">OSt</controlfield>
  <controlfield tag="005">20250313150826.0</controlfield>
  <controlfield tag="008">250313b2024    dr adc|| ||||o001 0 spa d</controlfield>
  <datafield tag="040" ind1=" " ind2=" ">
    <subfield code="a">CGIP00036</subfield>
    <subfield code="b">spa</subfield>
    <subfield code="c">CGIP00036</subfield>
    <subfield code="e">rda</subfield>
  </datafield>
  <datafield tag="082" ind1=" " ind2=" ">
    <subfield code="a">371.072 8/I59</subfield>
  </datafield>
  <datafield tag="100" ind1=" " ind2=" ">
    <subfield code="a">P&#xE9;rez, Vladimir</subfield>
  </datafield>
  <datafield tag="245" ind1=" " ind2=" ">
    <subfield code="a">Prueba PISA 2022: Progresos y desaf&#xED;os en la educaci&#xF3;n </subfield>
    <subfield code="b">de Rep&#xFA;blica Dominicana</subfield>
    <subfield code="c">El Instituto Dominicano de Evaluaci&#xF3;n e Investigaci&#xF3;n de la Calidad Educativa (IDEICE)</subfield>
  </datafield>
  <datafield tag="260" ind1=" " ind2=" ">
    <subfield code="a">Santo Domingo :</subfield>
    <subfield code="b">El Instituto Dominicano de Evaluaci&#xF3;n e Investigaci&#xF3;n de la Calidad Educativa (IDEICE)</subfield>
    <subfield code="c">2024</subfield>
  </datafield>
  <datafield tag="300" ind1=" " ind2=" ">
    <subfield code="a">4p.</subfield>
  </datafield>
  <datafield tag="520" ind1=" " ind2=" ">
    <subfield code="a">El rendimiento acad&#xE9;mico de los estudiantes en el sistema educativo es un tema clave en la discusi&#xF3;n sobre el futuro de la educaci&#xF3;n en la Rep&#xFA;blica Dominicana. </subfield>
  </datafield>
  <datafield tag="650" ind1=" " ind2=" ">
    <subfield code="a">Educaci&#xF3;n -- Rep&#xFA;blica Dominicana, Mediciones y pruebas educativas -- Rep&#xFA;blica Dominicana, Rendimiento Acad&#xE9;mico &#x2013; Pol&#xED;tica Educativa -- Rep&#xFA;blica Dominicana.</subfield>
  </datafield>
  <datafield tag="856" ind1=" " ind2=" ">
    <subfield code="u">https://ideice.gob.do/documentacion/publicaciones-id-p1-211-prueba-pisa-2022-progresos-y-desafios-en-la-educacion-de-republica-dominicana</subfield>
  </datafield>
  <datafield tag="942" ind1=" " ind2=" ">
    <subfield code="2">ddc</subfield>
    <subfield code="c">FOL</subfield>
    <subfield code="n">0</subfield>
  </datafield>
  <datafield tag="999" ind1=" " ind2=" ">
    <subfield code="c">12517</subfield>
    <subfield code="d">12517</subfield>
  </datafield>
  <datafield tag="952" ind1=" " ind2=" ">
    <subfield code="0">0</subfield>
    <subfield code="1">0</subfield>
    <subfield code="2">ddc</subfield>
    <subfield code="4">0</subfield>
    <subfield code="7">0</subfield>
    <subfield code="a">RI</subfield>
    <subfield code="b">RI</subfield>
    <subfield code="d">2025-03-13</subfield>
    <subfield code="l">0</subfield>
    <subfield code="o">371.072 8/I59</subfield>
    <subfield code="r">2025-03-13 13:30:32</subfield>
    <subfield code="u">https://ideice.gob.do/documentacion/publicaciones-id-p1-211-prueba-pisa-2022-progresos-y-desafios-en-la-educacion-de-republica-dominicana</subfield>
    <subfield code="w">2025-03-13</subfield>
    <subfield code="y">FOL</subfield>
  </datafield>
</record>
